Effective Innovation How to Stay Ahead of the Competition

Saved in:
Bibliographic Details
Main Author: Adair, John
Format: Book
Language:English
Published: London Pan Books 1996
Edition:1. ed.
Subjects:
Tags: Add Tag
No Tags, Be the first to tag this record!

MARC

LEADER 00000nam a2200000 4500
001 c021726
005 20221205125125.1
020 |a 0-330-34475-7 
041 0 |a eng 
044 |a GB 
245 1 0 |a Effective Innovation  |b How to Stay Ahead of the Competition  |c John Adair 
250 |a 1. ed. 
264 1 |a London  |b Pan Books  |c 1996 
300 |a 292 s. 
610 2 0 |a inovácia 
610 2 0 |a reorganizácia 
610 2 0 |a konkurencia 
610 2 0 |a konkurencieschopnosť 
610 2 0 |a štúdie prípadové 
610 2 0 |a podnikanie 
610 2 0 |a kreativita 
610 2 0 |a podnikatelia 
100 1 |a Adair, John